[Event "BCF-chT1b 1617 (4NCL)"]
[Site "England"]
[Date "2017.02.12"]
[Round "6.78"]
[White "Maroroa, Sue Yuchan"]
[Black "Chan, Wei Yi Victoria"]
[Result "1-0"]
[WhiteElo "2128"]
[BlackElo "1907"]
[PlyCount "77"]
[EventDate "2016.11.19"]
[EventType "team-tourn"]
[EventRounds "7"]
[EventCountry "ENG"]
[SourceTitle "EXT 2018"]
[Source "ChessBase"]
[SourceDate "2017.10.13"]
[SourceVersion "1"]
[SourceVersionDate "2017.10.13"]
[SourceQuality "1"]
[WhiteTeam "White Rose"]
[BlackTeam "North East England"]
[WhiteTeamCountry "ENG"]
[BlackTeamCountry "ENG"]

1. e4 c5 2. Nf3 d6 3. Bb5+ Bd7 4. Bxd7+ Qxd7 5. 0-0 Nc6 6. Qe2 Nf6 7. Rd1 g6 8. c3 Bg7 9. d4 cxd4 10. cxd4 0-0 11. Nc3 Qc8 12. Bg5 h6 13. Bh4 g5 14. Bg3 Nh5 15. Rac1 Nxg3 16. hxg3 Qd7 17. d5 Ne5 18. Nd4 Rac8 19. Nf5 Kh7 20. Nb5 a6 21. Nbd4 e6 22. Nxg7 Kxg7 23. f4 Ng6 24. f5 e5 25. Qg4 Rxc1 26. Rxc1 Qd8 27. f6+ Kh7 28. Nf5 Qxf6 29. Rc7 Nh8 30. Rxb7 Rg8 31. Rb6 Rd8 32. Rxa6 Ng6 33. Ra7 Nf8 34. Qh5 Rd7 35. Ra8 Qg6 36. Qh3 g4 37. Qh4 Ne6 38. dxe6 fxe6 39. Nxh6 1-0

[Event "BCF-chT1b 1617 (4NCL)"]
[Site "England"]
[Date "2017.01.15"]
[Round "4.78"]
[White "Chan, Wei Yi Victoria"]
[Black "Lauterbach, Ingrid"]
[Result "0-1"]
[WhiteElo "1907"]
[BlackElo "2104"]
[PlyCount "140"]
[EventDate "2016.11.19"]
[EventType "team-tourn"]
[EventRounds "7"]
[EventCountry "ENG"]
[SourceTitle "EXT 2018"]
[Source "ChessBase"]
[SourceDate "2017.10.13"]
[SourceVersion "1"]
[SourceVersionDate "2017.10.13"]
[SourceQuality "1"]
[WhiteTeam "North East England"]
[BlackTeam "Barbican II"]
[WhiteTeamCountry "ENG"]
[BlackTeamCountry "ENG"]

1. d4 d6 2. Nf3 g6 3. c4 Bg7 4. Nc3 Bg4 5. h3 Bxf3 6. exf3 Nh6 7. Bd3 0-0 8. Be3 f5 9. Qd2 Nf7 10. d5 Nd7 11. h4 Nc5 12. Be2 e5 13. dxe6 Nxe6 14. f4 c6 15. h5 Qe7 16. hxg6 hxg6 17. Kf1 Nc5 18. Bd4 Ne4 19. Qe3 Rfe8 20. Re1 Bxd4 21. Qxd4 Qf6 22. Qxf6 Nxf6 23. Rd1 Kg7 24. g3 Rh8 25. Kg2 Rxh1 26. Rxh1 Rd8 27. Rd1 Ne4 28. Nb1 d5 29. cxd5 Rxd5 30. Re1 Rd7 31. Bf3 Nc5 32. b4 Na6 33. a3 Nc7 34. Nc3 Kf6 35. a4 Rd3 36. Re3 Rd4 37. b5 cxb5 38. axb5 Nd6 39. Re5 Rd3 40. Re3 Rxe3 41. fxe3 Ncxb5 42. Nxb5 Nxb5 43. Bxb7 a5 44. Bd5 Nc3 45. Bg8 a4 46. Kf3 Ke7 47. g4 Kd6 48. gxf5 gxf5 49. Bf7 Kc5 50. Bg8 Nd5 51. Be6 a3 52. e4 fxe4+ 53. Kxe4 a2 54. Bxd5 a1Q 55. Be6 Qe1+ 56. Kf5 Kd4 57. Bf7 Qg3 58. Be6 Ke3 59. Ke5 Qxf4+ 60. Kd5 Qd4+ 61. Kc6 Ke4 62. Bd7 Ke5 63. Bc8 Qd5+ 64. Kc7 Qc5+ 65. Kb7 Kd6 66. Kb8 Qc7+ 67. Ka8 Qxc8+ 68. Ka7 Qc4 69. Kb8 Kc6 70. Ka7 Qb4 0-1

[Event "Penang op 4th"]
[Site "Penang"]
[Date "2012.12.14"]
[Round "7"]
[White "Chan, Yi Meng Ryan"]
[Black "Chan, Wei Yi Victoria"]
[Result "0-1"]
[WhiteElo "1685"]
[BlackElo "1948"]
[PlyCount "88"]
[EventDate "2012.12.11"]
[EventType "swiss"]
[EventRounds "9"]
[EventCountry "MAS"]
[SourceTitle "EXT 2014"]
[Source "ChessBase"]
[SourceDate "2013.11.20"]
[SourceVersion "1"]
[SourceVersionDate "2013.11.20"]
[SourceQuality "1"]

1. d4 Nf6 2. c4 g6 3. Nc3 d5 4. Bf4 Bg7 5. e3 0-0 6. Nf3 c5 7. dxc5 Qa5 8. Bd3 dxc4 9. Bxc4 Qxc5 10. Qd4 Qa5 11. 0-0 Nc6 12. Qd2 Bg4 13. Nd4 Nxd4 14. exd4 Rac8 15. Be2 Bxe2 16. Qxe2 Rfd8 17. Rac1 Nd7 18. Rfd1 Nb6 19. Be3 Nc4 20. b3 Nxe3 21. Qxe3 Qh5 22. Qe2 Qh4 23. Qe4 Qxe4 24. Nxe4 Rxc1 25. Rxc1 Bxd4 26. Rc7 b5 27. Nc3 Bb6 28. Rb7 Rc8 29. Ne2 Kf8 30. Kf1 Rc2 31. Rb8+ Kg7 32. g3 Rxa2 33. f4 Rb2 34. Nc3 Rxb3 35. Nd5 Bc5 36. Nc7 b4 37. Na6 Bb6 38. Rc8 Rb2 39. h3 b3 40. Rc3 Ra2 41. Nb4 b2 42. Rb3 Ra1+ 43. Ke2 b1Q 44. Rxb1 Rxb1 0-1

[Event "Asia-chT (Women) final 7th"]
[Site "Zaozhuang"]
[Date "2012.05.20"]
[Round "4.4"]
[White "Citra, Dewi Ardhiani Anast"]
[Black "Chan, Wei Yi Victoria"]
[Result "1-0"]
[WhiteElo "2112"]
[BlackElo "1947"]
[PlyCount "133"]
[EventDate "2012.05.17"]
[EventType "team-swiss"]
[EventRounds "9"]
[EventCountry "CHN"]
[SourceTitle "CBM 148 Extra"]
[Source "ChessBase"]
[SourceDate "2012.06.22"]
[SourceVersion "1"]
[SourceVersionDate "2012.06.22"]
[SourceQuality "1"]
[WhiteTeam "Indonesia (W)"]
[BlackTeam "Singapore (W)"]
[WhiteTeamCountry "INA"]
[BlackTeamCountry "SIN"]

1. e4 c5 2. Nf3 Nc6 3. d4 cxd4 4. Nxd4 Nf6 5. Nc3 d6 6. Bg5 e6 7. Qd2 Be7 8. 0-0-0 0-0 9. f4 Nxd4 10. Qxd4 Qa5 11. e5 dxe5 12. Qxe5 Qxe5 13. fxe5 Nd5 14. Bxe7 Nxe7 15. Bd3 a6 16. Be4 Rb8 17. Rd6 b5 18. b4 Ng6 19. Bxg6 hxg6 20. Rhd1 Bb7 21. g3 Rbc8 22. Kb2 Rc7 23. a4 bxa4 24. Nxa4 Bf3 25. R1d4 Be2 26. Kb3 Rfc8 27. Rd8+ Rxd8 28. Rxd8+ Kh7 29. Nc5 a5 30. Rd7 Rxd7 31. Nxd7 axb4 32. Kxb4 g5 33. Kc5 Kg6 34. c4 Kf5 35. Kd4 Bf3 36. h3 Bg2 37. c5 f6 38. Ke3 Bd5 39. g4+ Kg6 40. Nb6 Bb7 41. Nc4 f5 42. Na5 f4+ 43. Kf2 Ba6 44. Nc6 Kf7 45. Nd4 Ke7 46. Nf3 Kd7 47. Nxg5 Bb7 48. h4 Bd5 49. Nh3 f3 50. Nf4 Be4 51. h5 Ke7 52. Nh3 Bd5 53. Ng5 Kd7 54. Nxf3 Kc6 55. g5 Be4 56. Ke3 Bb1 57. h6 gxh6 58. gxh6 Kxc5 59. Ng5 Kd5 60. Kf4 Bc2 61. h7 Bxh7 62. Nxh7 Kd4 63. Nf6 Kc5 64. Ng4 Kd4 65. Kg5 Ke4 66. Kf6 Kd5 67. Ne3+ 1-0

[Event "Tagaytay City zt 3.3 (Women)"]
[Site "Tagaytay City"]
[Date "2011.05.28"]
[Round "7"]
[White "Chan, Wei Yi Victoria"]
[Black "Mendoza, Beverly"]
[Result "0-1"]
[WhiteElo "1955"]
[BlackElo "2040"]
[PlyCount "62"]
[EventDate "2011.05.24"]
[EventType "swiss"]
[EventRounds "9"]
[EventCountry "PHI"]
[SourceTitle "EXT 2012"]
[Source "ChessBase"]
[SourceDate "2011.11.24"]
[SourceVersion "1"]
[SourceVersionDate "2011.11.24"]
[SourceQuality "1"]

1. d4 f5 2. g4 fxg4 3. h3 g3 4. fxg3 Nf6 5. Bg2 d5 6. Nc3 e6 7. Bf4 Bd6 8. e3 0-0 9. Nf3 Nh5 10. Ne2 c5 11. dxc5 Bxc5 12. Qd3 Nc6 13. g4 Nxf4 14. exf4 Nb4 15. Qd2 Qb6 16. c3 Bf2+ 17. Kf1 Be3 18. Qd1 Na6 19. Qc2 Bxf4 20. Nxf4 Rxf4 21. Qf2 Qc7 22. Ke1 Nc5 23. Kd1 Bd7 24. Qh4 Raf8 25. Kc2 Ne4 26. Rac1 d4 27. Kb1 dxc3 28. Rhe1 Qb6 29. b3 Nd2+ 30. Ka1 Nxb3+ 31. axb3 Ra4+ 0-1

[Event "Tagaytay City zt 3.3 (Women)"]
[Site "Tagaytay City"]
[Date "2011.05.27"]
[Round "5"]
[White "Hoang, Thi Nhu Y"]
[Black "Chan, Wei Yi Victoria"]
[Result "1-0"]
[WhiteElo "2220"]
[BlackElo "1955"]
[PlyCount "57"]
[EventDate "2011.05.24"]
[EventType "swiss"]
[EventRounds "9"]
[EventCountry "PHI"]
[SourceTitle "EXT 2012"]
[Source "ChessBase"]
[SourceDate "2011.11.24"]
[SourceVersion "1"]
[SourceVersionDate "2011.11.24"]
[SourceQuality "1"]

1. d4 Nf6 2. c4 g6 3. Nc3 d5 4. cxd5 Nxd5 5. e4 Nxc3 6. bxc3 Bg7 7. Nf3 0-0 8. Be2 c5 9. 0-0 Nc6 10. Be3 Bg4 11. d5 Na5 12. Bxc5 Bxc3 13. Rc1 Bg7 14. h3 Bd7 15. Qd2 b6 16. Bb4 Re8 17. Ba6 Qb8 18. Qc2 Qd8 19. Qc7 Bf8 20. Ne5 Bc8 21. Bb5 Qxc7 22. Rxc7 Rd8 23. Bxe7 Bxe7 24. Rxe7 a6 25. Nxf7 Rf8 26. Nh6+ Kh8 27. Rc1 Bd7 28. Rc7 Rad8 29. Bxd7 1-0

[Event "Asia-chT (Women) 6th Tata Steel"]
[Site "Kolkata"]
[Date "2009.12.28"]
[Round "7"]
[White "Citra, Dewi Ardhiani Anast"]
[Black "Chan, Wei Yi Victoria"]
[Result "0-1"]
[WhiteElo "1938"]
[BlackElo "1924"]
[PlyCount "118"]
[EventDate "2009.12.22"]
[EventType "team-swiss"]
[EventRounds "7"]
[EventCountry "IND"]
[SourceTitle "EXT 2020"]
[Source "ChessBase"]
[SourceDate "2019.10.17"]
[SourceVersion "1"]
[SourceVersionDate "2019.10.17"]
[SourceQuality "1"]
[WhiteTeam "Indonesia (W)"]
[BlackTeam "Singapore (W)"]
[WhiteTeamCountry "INA"]
[BlackTeamCountry "SIN"]

1. e4 c5 2. Nf3 d6 3. d4 cxd4 4. Nxd4 Nf6 5. Nc3 Nc6 6. Bg5 e6 7. Qd2 Be7 8. 0-0-0 0-0 9. f4 Nxd4 10. Qxd4 Qa5 11. Bc4 Bd7 12. e5 dxe5 13. fxe5 Bc6 14. Bxf6 gxf6 15. Bd5 f5 16. Bxc6 bxc6 17. Qf4 Rab8 18. Rd7 Rb4 19. Qe3 Qc5 20. Qxc5 Bxc5 21. a3 Be3+ 22. Kb1 Rc4 23. Re1 Bd4 24. Nd1 Rb8 25. Kc1 Bc5 26. b4 Bb6 27. Nb2 Rg4 28. Re2 a5 29. h3 Rh4 30. Nd3 axb4 31. axb4 Re4 32. Kd2 Rc4 33. c3 Kf8 34. Rd6 Bc7 35. Rd7 Rc8 36. Nc5 Ke8 37. Rd3 Ra8 38. Rde3 Rh4 39. Kd3 Bb6 40. g3 Rd8+ 41. Kc2 Rxh3 42. Nb7 Ra8 43. Nd6+ Ke7 44. Rf3 h5 45. Nc4 Bc7 46. Nd2 Rg8 47. Ree3 Rg4 48. c4 Kd7 49. Kc3 Bd8 50. b5 Ba5+ 51. Kc2 Rh2 52. Rd3+ Kc7 53. bxc6 Rxd2+ 54. Rxd2 Bxd2 55. Kxd2 Rxc4 56. Ra3 Kxc6 57. Ra7 Kd5 58. Rxf7 Rg4 59. Rh7 Rg5 0-1

[Event "Asia-chT (Women) 6th Tata Steel"]
[Site "Kolkata"]
[Date "2009.12.22"]
[Round "1"]
[White "Chan, Wei Yi Victoria"]
[Black "Bhakti, Kulkarni"]
[Result "1/2-1/2"]
[WhiteElo "1924"]
[BlackElo "2263"]
[PlyCount "195"]
[EventDate "2009.12.22"]
[EventType "team-swiss"]
[EventRounds "7"]
[EventCountry "IND"]
[SourceTitle "EXT 2020"]
[Source "ChessBase"]
[SourceDate "2019.10.17"]
[SourceVersion "1"]
[SourceVersionDate "2019.10.17"]
[SourceQuality "1"]
[WhiteTeam "Singapore (W)"]
[BlackTeam "India (W) II"]
[WhiteTeamCountry "SIN"]
[BlackTeamCountry "IND"]

1. d4 Nf6 2. c4 c5 3. d5 b5 4. cxb5 a6 5. bxa6 g6 6. Nc3 Bxa6 7. Nf3 Bg7 8. e4 Bxf1 9. Kxf1 d6 10. h3 0-0 11. Kg1 Qb6 12. Kh2 Na6 13. Re1 Nd7 14. Re2 Nb4 15. Bg5 Rfe8 16. a3 Qa6 17. Rb1 Nd3 18. Qd2 Rab8 19. Ne1 Nxb2 20. Rxb2 Rxb2 21. Qxb2 Bxc3 22. Qa2 f6 23. Bc1 Ne5 24. f4 Nc4 25. Nf3 Nxa3 26. Bxa3 Ra8 27. Qc2 Qxa3 28. Re3 Qb2 29. Rxc3 Qxc2 30. Rxc2 Ra4 31. Nd2 Rd4 32. Kg3 f5 33. exf5 gxf5 34. Nf3 Rxd5 35. Re2 Kf8 36. Kh4 c4 37. Rc2 Rc5 38. Ng5 Kg8 39. Ne6 Rc8 40. Kg5 c3 41. Kxf5 Rc4 42. Ng5 h6 43. Nf3 Kf7 44. g3 e6+ 45. Kg4 Kf6 46. Ng1 d5 47. Kf3 e5 48. Ne2 e4+ 49. Ke3 Ke6 50. g4 Kd6 51. Nd4 Kc5 52. Nf5 Kb4 53. Nd4 Kc5 54. Ne2 Kb4 55. Nc1 Kc5 56. g5 hxg5 57. fxg5 Kd6 58. Kf4 Ke6 59. Ne2 e3+ 60. Kxe3 Kf5 61. Rxc3 Re4+ 62. Kf3 Kxg5 63. Rc5 Re5 64. Nc3 Kh4 65. Nxd5 Rg5 66. Kf4 Rg1 67. Rc3 Rh1 68. Rc8 Rf1+ 69. Ke3 Kxh3 70. Rg8 Ra1 71. Kf3 Ra3+ 72. Ne3 Kh4 73. Kf4 Ra4+ 74. Kf5 Ra5+ 75. Kf4 Ra4+ 76. Ke5 Kh3 77. Rh8+ Rh4 78. Rf8 Ra4 79. Rf3+ Kh2 80. Nf5 Kg2 81. Re3 Kf2 82. Rc3 Rg4 83. Rc2+ Ke1 84. Nd4 Rg8 85. Ke4 Re8+ 86. Kd3 Kf1 87. Nf5 Kg1 88. Ne3 Kh1 89. Rf2 Ra8 90. Nc4 Kg1 91. Re2 Rd8+ 92. Ke4 Re8+ 93. Ne5 Kf1 94. Rc2 Kg1 95. Kf4 Rf8+ 96. Kg3 Kf1 97. Ng4 Ke1 98. Ne3 1/2-1/2

[Event "Ho Chi Minh City zt 3.3 (Women)"]
[Site "Ho Chi Minh City"]
[Date "2009.07.29"]
[Round "9"]
[White "Nguyen Thi Diem, Huong"]
[Black "Chan, Wei Yi Victoria"]
[Result "0-1"]
[WhiteElo "2007"]
[BlackElo "1912"]
[PlyCount "74"]
[EventDate "2009.07.23"]
[EventType "swiss"]
[EventRounds "9"]
[EventCountry "VIE"]
[SourceTitle "CBM 131 Extra"]
[Source "ChessBase"]
[SourceDate "2009.09.03"]
[SourceVersion "2"]
[SourceVersionDate "2009.09.16"]
[SourceQuality "1"]

1. e4 c5 2. Nf3 d6 3. d4 cxd4 4. Nxd4 Nf6 5. Nc3 Nc6 6. Bc4 Qb6 7. Nxc6 bxc6 8. 0-0 e6 9. Bb3 Be7 10. Re1 0-0 11. e5 dxe5 12. Rxe5 Rd8 13. Qf3 Bb7 14. Bg5 Qc7 15. Ree1 c5 16. Qh3 a6 17. Bc4 Rd4 18. Bf1 h6 19. Be3 Rb4 20. b3 Rd8 21. a3 Rg4 22. f3 Rgd4 23. Bxd4 cxd4 24. Ne4 Nd5 25. Bd3 f5 26. Nd2 Nf4 27. Qg3 Bd6 28. Qh4 Kh7 29. Nf1 Rf8 30. Qf2 Rf6 31. Kh1 Rg6 32. Ng3 Be5 33. b4 h5 34. Rac1 h4 35. Nxf5 h3 36. Qh4+ Kg8 37. Ne7+ Qxe7 0-1

[Event "Ho Chi Minh City zt 3.3 (Women)"]
[Site "Ho Chi Minh City"]
[Date "2009.07.26"]
[Round "5"]
[White "Rivera, Daisy"]
[Black "Chan, Wei Yi Victoria"]
[Result "0-1"]
[WhiteElo "2087"]
[BlackElo "1912"]
[PlyCount "140"]
[EventDate "2009.07.23"]
[EventType "swiss"]
[EventRounds "9"]
[EventCountry "VIE"]
[SourceTitle "CBM 131 Extra"]
[Source "ChessBase"]
[SourceDate "2009.09.03"]
[SourceVersion "2"]
[SourceVersionDate "2009.09.16"]
[SourceQuality "1"]

1. e4 c5 2. Nc3 Nc6 3. g3 g6 4. Bg2 Bg7 5. d3 e6 6. Be3 d6 7. Qd2 Nge7 8. Bh6 0-0 9. h4 f6 10. Bxg7 Kxg7 11. f4 f5 12. h5 Rb8 13. Nf3 Nd4 14. Nd1 Nec6 15. c3 Nxf3+ 16. Bxf3 Qf6 17. Ne3 Ne7 18. Qh2 g5 19. fxg5 Qxg5 20. Ke2 b5 21. g4 fxe4 22. Bxe4 Nd5 23. Qg3 Nf4+ 24. Kd1 d5 25. Bg2 Rb7 26. Bf1 b4 27. Kc2 bxc3 28. bxc3 Bd7 29. a4 Rfb8 30. Nd1 e5 31. Qh4 Kh6 32. Qxg5+ Kxg5 33. Rg1 a5 34. Ra2 d4 35. Nf2 Bc6 36. Ne4+ Bxe4 37. dxe4 Rb3 38. cxd4 exd4 39. Bb5 Re3 40. Kd1 Rxe4 41. Rc2 Re5 42. Re1 Rxe1+ 43. Kxe1 Rc8 44. Kd2 Rc7 45. Rc1 Kxg4 46. Be8 Re7 47. Bb5 Re5 48. h6 Rh5 49. Bd7+ Kg3 50. Rg1+ Kf2 51. Rc1 Ne2 52. Bg4 Re5 53. Bxe2 Rxe2+ 54. Kd3 Re3+ 55. Kd2 Re5 56. Kd3 Rh5 57. Rc2+ Kf3 58. Rc1 Kf4 59. Rf1+ Ke5 60. Kc4 Rxh6 61. Rf7 Rh3 62. Kxc5 d3 63. Re7+ Kf4 64. Rf7+ Ke3 65. Re7+ Kd2 66. Kb5 h5 67. Kxa5 Re3 68. Rh7 Re5+ 69. Kb6 Ke2 70. a5 d2 0-1

[Event "Ho Chi Minh City zt 3.3 (Women)"]
[Site "Ho Chi Minh City"]
[Date "2009.07.23"]
[Round "1"]
[White "Hoang, Thi Nhu Y"]
[Black "Chan, Wei Yi Victoria"]
[Result "1-0"]
[WhiteElo "2119"]
[BlackElo "1912"]
[PlyCount "115"]
[EventDate "2009.07.23"]
[EventType "swiss"]
[EventRounds "9"]
[EventCountry "VIE"]
[SourceTitle "CBM 131 Extra"]
[Source "ChessBase"]
[SourceDate "2009.09.03"]
[SourceVersion "2"]
[SourceVersionDate "2009.09.16"]
[SourceQuality "1"]

1. c4 Nf6 2. Nc3 d5 3. cxd5 Nxd5 4. d4 g6 5. Nf3 Bg7 6. Qb3 Nxc3 7. bxc3 0-0 8. e3 c5 9. Be2 Nc6 10. 0-0 Na5 11. Qb5 cxd4 12. cxd4 Bd7 13. Qg5 Rc8 14. Ba3 Re8 15. Rac1 Bf6 16. Rxc8 Bxc8 17. Qb5 Bd7 18. Qb1 Qb8 19. Bb5 Bc6 20. e4 a6 21. Bxc6 Nxc6 22. e5 Bg7 23. Qe4 Qc7 24. Bc5 Nd8 25. Rb1 b5 26. a4 bxa4 27. Qa8 Qc6 28. Rb8 Qxa8 29. Rxa8 Kf8 30. Rxa6 Ne6 31. Rxa4 f6 32. Ba3 fxe5 33. dxe5 Kf7 34. Ra7 Bf8 35. g3 Rc8 36. Kg2 h6 37. h4 Rc7 38. Rxc7 Nxc7 39. Nd4 Bg7 40. f4 g5 41. Kf3 gxh4 42. gxh4 h5 43. Nc6 Bf8 44. f5 Nd5 45. Nd8+ Ke8 46. Ne6 Bh6 47. Bc5 Kf7 48. Bd4 Bd2 49. Ke4 Nb4 50. Be3 Be1 51. Bg5 Bc3 52. Nf4 Nc6 53. e6+ Ke8 54. Nxh5 Bb2 55. Nf4 Kf8 56. Ng6+ Ke8 57. h5 Bc3 58. h6 1-0

[Event "Wch U16 Girls"]
[Site "Vung Tau"]
[Date "2008.10.23"]
[Round "5"]
[White "Petrova, Kristyna"]
[Black "Chan, Wei Yi Victoria"]
[Result "1/2-1/2"]
[WhiteElo "2179"]
[BlackElo "1902"]
[PlyCount "110"]
[EventDate "2008.10.20"]
[EventType "swiss"]
[EventRounds "11"]
[EventCountry "VIE"]
[SourceTitle "EXT 2009"]
[Source "ChessBase"]
[SourceDate "2008.11.26"]
[SourceVersion "1"]
[SourceVersionDate "2008.11.26"]
[SourceQuality "1"]

1. e4 c5 2. Nf3 d6 3. d4 cxd4 4. Nxd4 Nf6 5. Nc3 Nc6 6. Bc4 Qb6 7. Nb3 e6 8. Qe2 Be7 9. f4 a6 10. a4 Qc7 11. 0-0 b6 12. Be3 Bb7 13. Nd4 Nxd4 14. Bxd4 0-0 15. Kh1 Rfd8 16. Bb3 Rac8 17. Rad1 Qc6 18. Rfe1 Qc7 19. Bf2 Nd7 20. f5 exf5 21. exf5 Bf6 22. Bd4 Be5 23. Qf2 Re8 24. Qd2 Nf6 25. Qd3 Ng4 26. h3 Nf6 27. Bxe5 dxe5 28. Qd6 Qc5 29. Qxc5 Rxc5 30. Rd6 b5 31. Rb6 Bc8 32. axb5 Nd7 33. Rc6 axb5 34. Rxc5 Nxc5 35. Nxb5 Nxb3 36. Nd6 Rd8 37. Nxc8 Rxc8 38. cxb3 f6 39. Ra1 Rb8 40. Ra3 Rb7 41. Kg1 Kf7 42. Kf2 Ke7 43. Ke3 Kd6 44. Kd3 Kc5 45. Kc3 Kd5 46. Ra4 Rc7+ 47. Rc4 Rb7 48. b4 g6 49. fxg6 hxg6 50. Kd3 Re7 51. Rc8 e4+ 52. Ke3 f5 53. b3 Ke5 54. Rc5+ Kd6 55. Ra5 Rb7 1/2-1/2

[Event "Singapore ASEAN Masters"]
[Site "Singapore"]
[Date "2008.03.22"]
[Round "10"]
[White "Chan, Wei Yi Victoria"]
[Black "Kyaw, Lin Naing"]
[Result "0-1"]
[WhiteElo "1876"]
[BlackElo "2405"]
[PlyCount "106"]
[EventDate "2008.03.15"]
[EventType "tourn"]
[EventRounds "11"]
[EventCountry "SIN"]
[SourceTitle "EXT 2022"]
[Source "ChessBase"]
[SourceDate "2021.10.06"]
[SourceVersion "1"]
[SourceVersionDate "2021.10.06"]
[SourceQuality "1"]

1. d4 Nf6 2. c4 e6 3. Nc3 Bb4 4. Qc2 0-0 5. a3 Bxc3+ 6. Qxc3 b6 7. Bg5 Bb7 8. f3 h6 9. Bh4 d5 10. e3 Nbd7 11. cxd5 exd5 12. Bd3 c5 13. Ne2 Qe7 14. Bf2 a5 15. 0-0 c4 16. Bc2 b5 17. Ng3 g6 18. Qd2 h5 19. Rfe1 h4 20. Nf1 h3 21. Bh4 hxg2 22. Qxg2 Kg7 23. Ng3 Qe6 24. Bf5 Qe8 25. Bh3 Ra6 26. e4 dxe4 27. fxe4 Rh8 28. Bg5 Nf8 29. Bxf6+ Rxf6 30. e5 Rb6 31. Qf1 Qd8 32. Rad1 Qh4 33. Re3 Qxh3 34. Qxh3 Rxh3 35. Nf5+ gxf5 36. Rxh3 Bd5 37. Kf2 f4 38. Rh4 Ng6 39. Rg4 Rb8 40. Rdg1 Rh8 41. h4 Kf8 42. Re1 Be6 43. Rg5 Rxh4 44. d5 Bxd5 45. e6 Rh2+ 46. Kf1 Rh1+ 47. Kf2 Rh2+ 48. Kf1 Bxe6 49. Rxb5 f3 50. Rxe6 fxe6 51. Rxa5 Nf4 52. Ra8+ Kf7 53. Ra4 Nd3 0-1

[Event "Singapore ASEAN Masters"]
[Site "Singapore"]
[Date "2008.03.16"]
[Round "4"]
[White "Chan, Wei Yi Victoria"]
[Black "Chia, Chee Seng"]
[Result "0-1"]
[WhiteElo "1876"]
[BlackElo "2253"]
[PlyCount "81"]
[EventDate "2008.03.15"]
[EventType "tourn"]
[EventRounds "11"]
[EventCountry "SIN"]
[SourceTitle "EXT 2022"]
[Source "ChessBase"]
[SourceDate "2021.10.06"]
[SourceVersion "1"]
[SourceVersionDate "2021.10.06"]
[SourceQuality "1"]

1. d4 Nf6 2. c4 g6 3. Nc3 Bg7 4. e4 d6 5. Nf3 0-0 6. Be2 e5 7. 0-0 Nc6 8. d5 Ne7 9. b4 Nh5 10. Re1 h6 11. Nd2 Nf4 12. Bf1 a5 13. bxa5 Rxa5 14. Nb3 Ra8 15. c5 g5 16. cxd6 cxd6 17. Nb5 f5 18. f3 g4 19. Be3 gxf3 20. g3 fxe4 21. gxf4 Nf5 22. Bf2 e3 23. Qxf3 exf4 24. Rad1 Rxa2 25. Re2 exf2+ 26. Qxf2 Qg5+ 27. Kh1 Ne3 28. Rdd2 Rxd2 29. Rxd2 Bf5 30. Nxd6 Bc2 31. Nc5 Qg6 32. Rxc2 Qxd6 33. Rc1 Qxd5+ 34. Bg2 Nxg2 35. Qxg2 f3 36. Qf2 Bd4 37. Rd1 Bxf2 38. Rxd5 Bxc5 39. Rxc5 f2 40. Rc1 f1Q+ 41. Rxf1 0-1

[Event "ASEAN Circuit IM (Women)"]
[Site "Tarakan"]
[Date "2008.01.14"]
[Round "6"]
[White "Chua, Xing Jian Graham"]
[Black "Chan, Wei Yi Victoria"]
[Result "0-1"]
[WhiteElo "2075"]
[BlackElo "1876"]
[PlyCount "49"]
[EventDate "2008.01.08"]
[EventType "tourn"]
[EventRounds "11"]
[EventCountry "INA"]
[SourceTitle "CBM 122 Extra"]
[Source "ChessBase"]
[SourceDate "2008.03.04"]
[SourceVersion "1"]
[SourceVersionDate "2008.03.04"]
[SourceQuality "1"]

1. c4 Nf6 2. g3 g6 3. Bg2 d5 4. cxd5 Nxd5 5. Nc3 Nb6 6. Nf3 Bg7 7. 0-0 0-0 8. d4 Nc6 9. d5 Na5 10. Nd4 e6 11. e4 exd5 12. Nxd5 c6 13. Nxb6 axb6 14. Nc2 Qxd1 15. Rxd1 Nc4 16. a3 Bxb2 17. Bxb2 Nxb2 18. Rdb1 Na4 19. Rd1 Be6 20. Nd4 Bc4 21. e5 Rfd8 22. f4 Nc3 23. Rdc1 Rxd4 24. Rxc3 b5 25. g4 0-1